| 000 | 00553nam a2200193Ia 4500 | ||
|---|---|---|---|
| 999 |
_c33290 _d33290 |
||
| 003 | OSt | ||
| 005 | 20200824115641.0 | ||
| 008 | 190216s9999||||xx |||||||||||||| ||und|| | ||
| 020 | _a8122403212 | ||
| 040 | _coclc | ||
| 082 |
_a548 _bVER/C |
||
| 100 |
_aVerma, A R _94310 |
||
| 245 | 0 |
_aCrystallography Applied To Solid State Physics / _cA R Verma ; O N Srivastava |
|
| 250 | _a2nd Ed. | ||
| 260 |
_bWiley Eastern Ltd, _c1991. _aNew Delhi: |
||
| 300 | _a464p | ||
| 650 | _aPhysics | ||
| 942 |
_cBK _2ddc _h548 _iVER/C _k548 _mVER/C |
||